| 000 | 00698nam a2200229 i 4500 | ||
|---|---|---|---|
| 001 | bgj | ||
| 100 | 1 | _aBacon, Mark S. | |
| 245 | 1 | 0 |
_aWrite like the prose : _busing the secrets of ad writers and journalists in business / _cMark S. Bacon. |
| 260 |
_aNew York [etc.] : _bJohn Wiley & Sons, _cc. 1988. |
||
| 300 |
_aXIV, 316 pp ; _c24 cm. |
||
| 505 | _aIncludes index and bibliographical references. | ||
| 650 | 9 | _aBusiness writing | |
| 650 | 9 | _aAdvertising copy | |
| 650 | 9 | _aAuthorship | |
| 651 | 9 |
_aEnglish language _xBusiness English |
|
| 020 | _a0471857211 | ||
| 040 | _cBPK | ||
| 041 | 0 | _aeng | |
| 920 | _a0-471-85721-1 | ||
| 942 | _cKS | ||
| 008 | s uk f |000 0 eng | ||
| 999 |
_c47903 _d47903 |
||
| 856 |
_uhttp://koha.tu.koszalin.pl/cgi-bin/koha/opac-detail.pl?biblionumber=47903 _yKatalog online BPK |
||